000 00526nam a2200193Ia 4500
005 20250326144826.0
008 250326s9999 xx 000 0 und d
020 _a81-902320-8-8
037 _aTextbook
040 _aFMSL
_beng
_cFMSL
041 _aeng
_2eng
084 _aX:74obD658(2:55) P6
_qFMSL
100 _aGupta V P
245 0 _aE-business
_cGupta V P
260 _aNew Delhi
_bNew Delhi, Research
_c2006
300 _a367p
942 _cTB
_hX:74obD658(2:55) P6
999 _c1305215
_d1305215